| 000 | 02294nam a2200409 i 4500 | ||
|---|---|---|---|
| 001 | nkc20263750381 | ||
| 003 | CZ PrNK | ||
| 005 | 20260507091400.0 | ||
| 007 | ta | ||
| 008 | 260505s2026 xr g 000 f cze | ||
| 020 | _a9788028416874 | ||
| 040 |
_aABG001 _bcze _erda |
||
| 041 | 1 |
_acze _heng |
|
| 072 | 7 |
_a821.111-3 _xAnglická próza, anglicky psaná _2Konspekt |
|
| 080 |
_a821.111-31 _2MRF |
||
| 080 |
_a(410.1) _2MRF |
||
| 080 |
_a(0:82-311.6) _2MRF |
||
| 100 | 1 |
_aFollett, Ken, _d1949- _4aut _96040 |
|
| 240 | 1 | 0 |
_aCircle of days. _lČesky |
| 245 | 1 | 0 |
_aKruh dní / _cKen Follett ; přeložili Libuše a Luboš Trávníčkovi |
| 250 | _aVydání první | ||
| 264 | 1 |
_aPraha : _bEuromedia Group, _c2026 |
|
| 300 |
_a485 stran ; _c24 cm |
||
| 500 | _aPřeloženo z angličtiny | ||
| 520 | 2 |
_aHistorický román Kena Folletta, v jehož středu se objevuje prehistorický monument Stonehenge. Tato stavba, která je jednou z největších světových záhad v dějinách lidstva, se v autorově podání stává dějištěm strhujícího vyprávění. _bNadaný kopáč pazourků Seft se za letního vedra ubírá po Velké planině, aby přihlížel obřadům ohlašujícím začátek nového roku. Přichází také využít této příležitosti, aby na trhu směnil své kameny za jiné potřebné věci. Hlavně však chce najít Neen, dívku, do níž je hluboce zamilovaný. Její rodina žije v hojnosti a Seft díky jejich pasteveckému společenství získá možnost uniknout od svého krutého otce a bratrů. Neenina sestra Joia je kněžka s vizí a mimořádnou schopností vést lidi. Jako dítě uchváceně sleduje obřad letního slunovratu a sní o zázračném novém Monumentu postaveném z největších kamenů na světě. Jenže v kopcích a lesích Velké planiny se schyluje k potížím. Nakladatelská anotace. |
|
| 651 | 7 |
_aStonehenge (Anglie) _2czenas _920741 |
|
| 651 | 9 |
_aStonehenge (England) _2eczenas _920742 |
|
| 655 | 7 | _aanglické romány | |
| 655 | 7 | _ahistorické romány | |
| 655 | 9 | _aEnglish fiction | |
| 655 | 9 | _ahistorical novels | |
| 700 | 1 |
_aTrávníčková, Libuše, _d1936- _4trl _96041 |
|
| 700 | 1 |
_aTrávníček, Luboš, _d1943- _4trl _96042 |
|
| 710 | 2 |
_aEuromedia Group _4pbl _920440 |
|
| 910 | _aABG508 | ||
| 999 |
_c34258 _d34258 |
||